000 01167nam a2200301 i 4500
001 187193
003 SpMaBN
005 20230906222834.0
008 170503s1984 ck f |||| |dspa d
080 _a94(861)"1499/1550"
080 _a94(861)"1550/1810"
080 _a94(861.72 B.)"15/16"
100 1 _aRodríguez Freyle, Juan.
_9162528
245 1 3 _aEl carnero
_b: según el manuscrito de Yerbabuena /
_cJuan Rodríguez Freile ; edición, introducción y notas de Mario Germán Romero.
260 _aBogotá :
_bInstituto Caro y Cuervo,
_c1984.
300 _aLXXIV, 348 p., XV h. de lám. ;
_c22 cm.
490 1 _aBiblioteca colombiana ;
_v21
500 _aÍndices.
504 _aBibliografía: p. [LXIX]-LXXIV.
651 7 _aColombia-
_xHistoria-
_y1499-1550, Descubrimiento y conquista.
_9152427
651 7 _aColombia-
_xHistoria-
_y1550-1810, Época colonial.
_9138428
651 7 _aBogotá-
_xHistoria.
_9162527
700 1 _aRomero, Mario Germán.
_999344
710 2 _aInstituto Caro y Cuervo.
_94806
830 0 _aBiblioteca colombiana ;
_v21
_9192743
852 _aES-MaACL
_jL-31527
_z. - Donat. Viuda Antonio Tovar
999 _c187193
_d187193